| 000 | 00000nam##2200000za#4500 |
| 001 | 9.612687 |
| 003 | CaOODSP |
| 005 | 20200327174723 |
| 007 | ta |
| 008 | 150406|1995||||xxc||||| f|0| 0 eng|d |
| 020 | |a0-662-23611-4 |
| 022 | |a1188-8903 |
| 040 | |aCaOODSP|beng |
| 043 | |an-cn--- |
| 086 | 1 |aEn1-17/22-1995E |
| 110 | 1 |aCanada. |bEnvironment Canada. |bEnvironmental Protection Service. |
| 245 | 10|aIndustrial wastewater: application of the zero effluent concept to the Uniforêt pulp mill in Port-Cartier / |cby Ronald Zaloum and Robert Ward. |
| 260 | |aMontreal - Quebec : |bEnvironment Canada. |c1995. |
| 300 | |a4p. : |bcoloured figs., tables ; |c28 cm. |
| 490 | 1 |aSt. Lawrence technologies|x1188-8903 |
| 500 | |aN.B.: Incorrect catalogue number (En153-62/1995E) printed in this publication. |
| 563 | |aPamphlet |
| 590 | |a95-49|b1995-12-08 |
| 690 | 07|aWaste|2gcpds |
| 690 | 07|aPulp and paper industry|2gcpds |
| 720 | 1 |aZaloum, Ronald |
| 720 | 1 |aWard, Robert |
| 775 | 08|tEaux usées industrielles: application du concept effluent zéro à l'usine Uniforêt Inc. de Port-Cartier / |w(CaOODSP)9.623586 |
| 776 | 0#|tIndustrial wastewater. Application of the zero effluent concept to the Uniforêt pulp mill in Port-Cartier |w(CaOODSP)9.571247 |
| 830 | #0|aSt. Lawrence technologies,|x1188-8903|w(CaOODSP)9.514532 |